000 00587nam a2200205 i 4500
001 bgj
100 1 _aSEYMOUR-SMITH, Martin
245 1 0 _aGuide to modern world literature.
_nVol. 4 /
_cMartin Seymour-Smith.
260 _aLondon :
_bHodder and Stoughton,
_c1975.
300 _aXXI, 260 pp :
_b21 cm.
504 _aBibliography p. [243]-248.
505 _aIncludes index.
650 9 _aLiterature, Modern
_xhistory and criticism
020 _a0340202319
040 _cBPK
041 0 _aeng
920 _a0-340-20231-9
942 _cKS
008 s uk f |000 0 eng
999 _c47527
_d47527
856 _uhttp://koha.tu.koszalin.pl/cgi-bin/koha/opac-detail.pl?biblionumber=47527
_yKatalog online BPK